| 000 | 00851nam a22002777a 4500 | ||
|---|---|---|---|
| 001 | 9430 | ||
| 003 | FISKH | ||
| 005 | 20260106153216.0 | ||
| 008 | 260106b cb ||||| |||| 00| 0 eng d | ||
| 020 | _a9780545607117 | ||
| 040 |
_aFISKH _beng _cFISKH _dFISKH |
||
| 050 | _aGR825 .A76 | ||
| 082 | _a398.469 | ||
| 100 | _aAronsky, Jim | ||
| 245 |
_aMonster hunt : _bExploring mysterious creatures / _cwith Jim Aronsky |
||
| 260 |
_aNew York : _bScholastic , _c2011 . |
||
| 300 |
_a32 pages : _bcolor illustrations ; _c28 cm . |
||
| 505 | _aZ | ||
| 520 | _aLooks at mysterious creatures from legend, natural history, and controversial contemporary sightings. | ||
| 521 | 8 |
_a1090
_bLexile NC |
|
| 521 | 8 |
_aZ
_bRaz-Plus |
|
| 650 |
_aCryptozoology _vFiction |
||
| 650 |
_aBigfoot _vFiction |
||
| 942 |
_2ddc _cBK _n0 |
||
| 999 |
_c9430 _d9430 |
||